| 000 | 00624cam a2200229ua 4500 | ||
|---|---|---|---|
| 001 | 10430 | ||
| 008 | 190208n ii |||gr||||Z||||||asm | ||
| 020 | _a9788191068900 | ||
| 040 | _cMAIN | ||
| 041 | _aasm | ||
| 082 | _a320.954 | ||
| 245 |
_aPolitics in India since independence (A) _bclass XII |
||
| 250 | _a20th ed. | ||
| 260 |
_aGuwahati: _bRupalim prakashan, _c2017. |
||
| 300 | _a222p. | ||
| 653 | _aPolitical science | ||
| 700 |
_aAdyanath Chakraborty, _eAuthor. |
||
| 700 |
_aKripesh Chandra Paul, _eAuthor. |
||
| 700 |
_aPratul Chandra Nayak, _eAuthor. |
||
| 700 |
_aAkhil Ranjan Dutta, _eAuthor. |
||
| 942 | _cBK | ||
| 999 |
_c9418 _d9418 |
||